000 00602nam a2200241Ia 4500
003 OSt
005 20220924151209.0
006 a|||||r|||| 00| 0
007 ta
008 220923b |||||||| |||| 00| 0 tel d
020 _c54
024 _a336634
037 _cTextual
040 _aARTS
_cARTS
_btel
041 _2tel
_atel
082 _aO35,3NSATx, N6
100 _aMandapati Satyam
_9223781
245 0 _aChettu krinda chinukulu
260 _c1996
650 _aTELUGU FICTION
942 _hO35,3NSATx, N6
_cTEXL
_2CC
999 _c465860
_d465860